000 01310nmc a2200421 a 4500
003 AR-BaBNM
005 20251128205512.0
008 147119s1995 ||||||||||||||000 | spa||
020 _a84-7043-871-9
040 _cAR-BaBNM
245 1 0 _aEducar para la salud
_bdrogadependencias
250 _a2ª ed.
260 _aMadrid
_bCCS
_bCentro Asistencial San Juan de Dios. Palencia
_c1995
300 0 _a252 p.
_btablas, il.
490 0 _aMateriales para educadores
_vv. 16
500 0 _aAnexos: Direcciones de centros oficiales y asociaciones españolas: p. 219-236
500 0 _aActividades: p. 239-249
504 _aContiene bibliografía al final de cada capítulo
650 4 _aDROGADICCION
650 4 _aALCOHOLISMO
650 4 _aPROBLEMAS SOCIALES
650 4 _aBEBIDAS ALCOHOLICAS
650 4 _aADOLESCENCIA
650 4 _aACTIVIDADES DE APRENDIZAJE
650 4 _aTABAQUISMO
653 0 _aEDUCACION PARA LA SALUD
653 0 _aSIDA
653 _aEDUCACION PARA LA SALUD
653 0 _aTEMAS TRANSVERSALES
700 1 _aEseverri Chaverri, Cecilio
700 1 _aTerán Prieto, Antonio
700 1 _aTovar Corravilla, Carmelo
700 1 _aGalán Moreno, Antonio
700 1 _aArredondo Bances, Ana I.
700 1 _aCouceiro Muiño, Carmen
942 _cBK
998 _cSILVI
999 _c11654
_d11654